000 00590nam a2200229Ia 4500
003 OSt
005 20220924132129.0
006 a|||||r|||| 00| 0
007 ta
008 220923b |||||||| |||| 00| 0 fre d
024 _a20664
037 _cTextual
040 _aARTS
_cARTS
_bfre
041 _2fre
_afre
082 _aO:3M042w, H91
100 _aStewart Randall
_9203836
245 0 _aNathaniel Hawthore
_b a bibliography
260 _c1949
650 _aENGLISH LITERATURE
942 _hO:3M042w, H91
_cTEXL
_2CC
999 _c429396
_d429396